Statistiken für Top 15 der betroffenen Covid-19-Länder - 27. Oktober 2021

Klicken Sie hier um das Quiz zu spielen!

Allgemein

  • Dieses Quiz wurde 20 mal gespielt
  • Das Durchschnittsergebnis liegt bei 15 aus 27

Antwortstatistiken

Land% Korrekt
Vereinigte Staaten
100%
Deutschland
95%
Frankreich
95%
Italien
95%
Spanien
95%
Russland
90%
Vereinigtes Königreich
85%
Brasilien
80%
Indien
80%
Mexiko
75%
Schweden
60%
Argentinien
55%
Tschechien
55%
Türkei
55%
Iran
50%
Niederlande
50%
Serbien
40%
Belgien
35%
Indonesien
35%
Kolumbien
30%
Estland
25%
Israel
25%
Slowenien
25%
Georgien
20%
Litauen
20%
Bahrain
10%
Uruguay
10%

Verteilung der Resultate

Perzentil nach korrekt beantworteten Fragen

Anzahl Personen mit jedem Resultat

Ihre Resultats-Entwicklung

Sie haben dieses Quiz noch nicht gespielt